POP Stars - Statistiken

Allgemein
  • Dieses Quiz wurde 172 mal gespielt
  • Das Durchschnittsergebnis liegt bei 11 aus 14
Antwortstatistiken
Bildquiz Hint Antwort % Korrekt
Umbrella Rihanna
94%
Blank space Taylor Swift
94%
we can´t be friends Ariana Grande
93%
Birds of a feather Billie Eilish
91%
abracadabra Lady Gaga
88%
Texas hold´em Beyonce
86%
livitating Dua Lipa
83%
Espresso Sabrina Carpenter
83%
Feuerwerk Wincent Weiß
74%
Good 4 you Olivia Rodrigo
70%
Hässlich Ayliva
68%
How you like that Blackpink
67%
Mantra Jenni
41%
Rockstar Lisa
41%
Keine übereinstimmenden Quizze gefunden
Verteilung der Resultate
Anzahl Personen mit jedem Resultat
Perzentil nach korrekt beantworteten Fragen
Ihre Resultats-Entwicklung
Sie haben dieses Quiz noch nicht gespielt